000 00874nam a2200265Ia 4500
003 OSt
005 20220926020316.0
006 a|||||r|||| 00| 0
007 ta
008 220923b |||||||| |||| 00| 0 eng d
020 _a9780415677738
_c2183.8899999999999
037 _b5002, 30/07/2013, RAJKIRAN BOOK AGENCY
_cGeneral Book
040 _aRTL
_cRTL
_beng
041 _2eng
_aeng
082 _aY:393(X:9), Q1
100 _aHESMONDHALGH David
_9290116
245 0 _aCreative labour
_b Media work in three cultural industries
260 _aNew York
_bRoutledge
_c2011
300 _axii, 265p
_ccm.
500 _aBibliography: Chpterwise
650 _aSociology
700 _a BAKER Sarah
_9324123
942 _hY:393(X:9), Q1
_cGB
_2CC
999 _c633950
_d633950